| 000 | 01153nam2a22003131 4500 | ||
|---|---|---|---|
| 001 | v19\rc\1551112 | ||
| 005 | 20251113190112.0 | ||
| 035 | _a(NLR Aleph) 004666323 | ||
| 090 |
_a3618200 _c3618200 |
||
| 100 | _a20060620d1894 |||y0rusy50 ca | ||
| 101 | 0 |
_arus _ager |
|
| 102 | _aRU | ||
| 105 | _ay z ||||| | ||
| 200 | 0 | _aза 1892 год, издаваемые И. Мильбергом... | |
| 210 | _d1894 | ||
| 215 | _a[4], XXVI, 198 с. | ||
| 461 | 0 |
_1001v19\rc\1551110 _12001#$aНаблюдения Тифлисской физической обсерватории и метеорологических станций ее района...$vза 1892 год, издаваемые И. Мильбергом... |
|
| 702 | 1 |
_aМильберг _bИ. Г. _gИван Георгиевич _4650 |
|
| 801 | 0 |
_aRU _bNLR _gpsbo |
|
| 801 | 0 |
_aRU _bRuMoRGB _2psbo |
|
| 801 | 1 |
_aRU _bProSoft-M _2rusmarc |
|
| 852 |
_aNLR _j37.24.2.9(2) |
||
| 899 |
_aRuMoRGB _jU 321/29 _z(1892-1914*) |
||
| 899 |
_aRuMoRGB _jL 4/401 _z(1892-1914*) |
||
| 899 | _aБАН | ||
| 899 | _aНБ СПбГУ | ||
| 899 |
_aНБ МГУ _z(1891-1914 вып. 2-5*) |
||
| 942 | _cBOOK | ||
| 980 | _aNB | ||